Television station management; (Record no. 70593)

000 -LEADER
fixed length control field 00436nam a22001577a 4500
003 - CONTROL NUMBER IDENTIFIER
control field NUST - PNEC
005 - DATE AND TIME OF LATEST TRANSACTION
control field 20170116181143.0
008 - FIXED-LENGTH DATA ELEMENTS--GENERAL INFORMATION
fixed length control field 151008b xxu||||| |||| 00| 0 eng d
040 ## - CATALOGING SOURCE
Transcribing agency LIBRARY
082 ## - DEWEY DECIMAL CLASSIFICATION NUMBER
Classification number 658.9138455 ROE
100 ## - MAIN ENTRY--PERSONAL NAME
9 (RLIN) 14836
Personal name Roe, Yale
245 ## - TITLE STATEMENT
Title Television station management;
Remainder of title the business of broadcasting
Statement of responsibility, etc. Yale Roe
260 ## - PUBLICATION, DISTRIBUTION, ETC.
Date of publication, distribution, etc. c1964
650 ## - SUBJECT ADDED ENTRY--TOPICAL TERM
9 (RLIN) 11078
Topical term or geographic name entry element Television broadcasting
General subdivision EL
942 ## - ADDED ENTRY ELEMENTS (KOHA)
Source of classification or shelving scheme
Koha item type Book
Holdings
Withdrawn status Lost status Source of classification or shelving scheme Damaged status Not for loan Permanent Location Current Location Shelving location Date acquired Total Checkouts Full call number Barcode Date last seen Price effective from Koha item type
          Pakistan Navy Engineering College (PNEC) Pakistan Navy Engineering College (PNEC)       658.9138455 ROE PNECLIB-002019 10/08/2015   Book
© 2023 Central Library, National University of Sciences and Technology. All Rights Reserved.